00206nam a2200085Ia 4500001000800000005001700008008004100025245003700066260001700103100133420250826230409.0250824s9999 xx 000 0 und d 0aUfolarcSara Gürbüz Özeren bGenç Damla